| 000 | 00368nam a2200145Ia 4500 | ||
|---|---|---|---|
| 008 | 230917s9999||||xx |||||||||||||| ||und|| | ||
| 040 |
_e111286 _aMAIN |
||
| 041 | _aEnglish | ||
| 082 | _a005.133 G1930 | ||
| 100 | _aGarrido, Jose M. | ||
| 245 | 0 | _aObject- Oriented programming | |
| 260 |
_aNew Delhi _bFirewall Media _c2004 |
||
| 300 | _axxii p. : 360 | ||
| 942 | _cBK | ||
| 999 |
_c135688 _d135688 |
||